The development and management of the coastal and marine estate in the UK and Europe : conference proceedings and notes. (Record no. 96485)

MARC details
000 -LEADER
fixed length control field 02579cam a2200445 4500
001 - CONTROL NUMBER
control field M84410
008 - FIXED-LENGTH DATA ELEMENTS--GENERAL INFORMATION
fixed length control field 090401t1997 xxu||||| |||| 00| 0 eng d
035 ## - SYSTEM CONTROL NUMBER
System control number (Sirsi) u78801
041 ## - LANGUAGE CODE
Language code of text/sound track or separate title eng
050 ## - LIBRARY OF CONGRESS CALL NUMBER
Classification number 333.9164
110 ## - MAIN ENTRY--CORPORATE NAME
Corporate name or jurisdiction name as entry element Royal Institution of Chartered Surveyors
9 (RLIN) 4900
245 #4 - TITLE STATEMENT
Title The development and management of the coastal and marine estate in the UK and Europe : conference proceedings and notes.
260 ## - PUBLICATION, DISTRIBUTION, ETC.
Place of publication, distribution, etc. London
Name of publisher, distributor, etc. RICS
Date of publication, distribution, etc. 1997
300 ## - PHYSICAL DESCRIPTION
Extent ca.150p. ; 30cm.
350 ## - PRICE (NR) (BK AM CF MU VM SE) [OBSOLETE]
Price 0
505 ## - FORMATTED CONTENTS NOTE
Formatted contents note The role of non-governmental conservation organisations in coastal and marine management.
-- Uff, John; Gubbay, Susan
505 ## - FORMATTED CONTENTS NOTE
Formatted contents note Chartered surveyors.
-- Powis, Paul
505 ## - FORMATTED CONTENTS NOTE
Formatted contents note Offshore management : the mediterranean challenge.
-- Vallega, Adalberto
505 ## - FORMATTED CONTENTS NOTE
Formatted contents note Integrated planning approach : Dutch continental shelf.
-- Bosch, Luuk
505 ## - FORMATTED CONTENTS NOTE
Formatted contents note Integrated coastal management : European initiatives.
-- Smith, Hance
505 ## - FORMATTED CONTENTS NOTE
Formatted contents note Coastal and offshore management in the UK and Europe.
-- Saville, Mark; Battle, John; Strickland, Hugh; Sparrow, Andrew; King, John
505 ## - FORMATTED CONTENTS NOTE
Formatted contents note Seabed ownership : assets and liabilities.
-- Menzies, Ian; Plant, Jane; Asbury, Norton; Locke, Duncan; Parrish, Frank
505 ## - FORMATTED CONTENTS NOTE
Formatted contents note The National Trust at work on the coast.
-- Capper, Phillip; Hatton, William; Katz, Rhoda; Silver, Simon; Gittens, Paul; Parrack, Tony; Morey-Smith, Linda; Douey, Patricia; Burgon, Jo
505 ## - FORMATTED CONTENTS NOTE
Formatted contents note A port`s perspective.
-- Bingham, Tony; Voaden, William; Owen, Susan; Richards, Mark; Cooksley, Karen; Burnett, Rachel; Fawcus, Bill
505 ## - FORMATTED CONTENTS NOTE
Formatted contents note Environmental assessment for oil and gas operations.
-- Kendall, John; Renger, Mike; Newman, Kim; McLocklin, Neil; Gillett, Paul; Watts, Ray; Sell, David
505 ## - FORMATTED CONTENTS NOTE
Formatted contents note The leisure industry.
-- Raynsford, Nick; Harper, David; Barrett, Peter; Freeman-Bell, Gail; Grover, Richard; Taylor, Alan; Gregory, Stuart; Guest, David
505 ## - FORMATTED CONTENTS NOTE
Formatted contents note Fisheries and issues of coastal zone management.
-- Price, Jennie; Sheard, E. Martin; Fox, Peter
505 ## - FORMATTED CONTENTS NOTE
Formatted contents note Science input to coastal zone management from the NERC`s LOIS Programme.
-- Sainsbury, Roger; McDougal, David; Stebbing, A.R.D.
505 ## - FORMATTED CONTENTS NOTE
Formatted contents note Conserving the marine environment : English Nature`s role.
-- Cottam, Guy; Wood, Gordon; Collins, Sue
650 ## - SUBJECT ADDED ENTRY--TOPICAL TERM
Topical term or geographic name entry element COASTAL DEVELOPMENT
650 ## - SUBJECT ADDED ENTRY--TOPICAL TERM
Topical term or geographic name entry element COASTAL MANAGEMENT
650 ## - SUBJECT ADDED ENTRY--TOPICAL TERM
Topical term or geographic name entry element COASTAL PLANNING
650 ## - SUBJECT ADDED ENTRY--TOPICAL TERM
Topical term or geographic name entry element COASTAL ZONE MANAGEMENT
650 ## - SUBJECT ADDED ENTRY--TOPICAL TERM
Topical term or geographic name entry element CONFERENCE PAPERS
650 ## - SUBJECT ADDED ENTRY--TOPICAL TERM
Topical term or geographic name entry element LAND MANAGEMENT
650 ## - SUBJECT ADDED ENTRY--TOPICAL TERM
Topical term or geographic name entry element MARINE ENVIRONMENT
690 ## - LOCAL SUBJECT ADDED ENTRY--TOPICAL TERM (OCLC, RLIN)
Topical term or geographic name as entry element MARINE RESOURCES
942 ## - ADDED ENTRY ELEMENTS (KOHA)
Suppress in OPAC 0
948 ## - LOCAL PROCESSING INFORMATION (OCLC); SERIES PART DESIGNATOR (RLIN)
c (OCLC) 09/06/1997
Holdings
Withdrawn status Lost status Source of classification or shelving scheme Damaged status Not for loan Home library Current library Shelving location Date acquired Total Checkouts Full call number Barcode Date last seen Copy number Price effective from Koha item type
    Dewey Decimal Classification     London London RICS Boxes 14/09/1999   RICS 1997/39 30052871 06/08/2019 1 06/08/2019 Reference material